| 000 | 00558 a2200169 4500 | ||
|---|---|---|---|
| 020 | _a0674341163 | ||
| 020 | _a9780674341166 | ||
| 082 | _a519.3 | ||
| 090 |
_c965 _d965 |
||
| 100 | 1 | _aMyerson, Roger B. | |
| 245 | 1 | 0 |
_aGame theory : _banalysis of conflict / _cRoger B. Myerson. |
| 260 |
_a[S.l.] : _bHarvard University Press, _c1991 |
||
| 300 |
_a600 p. ; _c24 cm. |
||
| 700 | _aMyerson, Roger B. | ||
| 942 |
_aSNS _cBK _k519.3 MYE |
||
| 999 |
_c29584 _d29584 |
||